| 000 | 00557nam a22001577a 4500 | ||
|---|---|---|---|
| 003 | NUST | ||
| 082 | _a670 | ||
| 100 |
_aNawaz ,Hassan _9122179 |
||
| 245 |
_aSimulation Based Lean Six Sigma Implementation in Textile Industry of Pakistan / _cHassan Nawaz |
||
| 264 |
_aIslamabad: _bSMME- NUST. _c2021. |
||
| 300 |
_a74p. ; _bSoft Copy, _c30cm. |
||
| 650 |
_aMS Design and Manufacturing Engineering _9119567 |
||
| 700 |
_aSupervisor : Dr. Shamraiz Ahmad _9120296 |
||
| 856 | _uhttp://10.250.8.41:8080/xmlui/handle/123456789/23855 | ||
| 942 |
_2ddc _cTHE |
||
| 999 |
_c608807 _d608807 |
||